Biotechnologická produkcia kyseliny klavulanovej

Na minha lista:
Detalhes bibliográficos
Autor principal: Rapáčová, Juliána (Author)
Outros Autores: Vaňková, Katarína (Thesis advisor)
Formato: Manuscrito Livro
Idioma:eslovaco
Publicado em: 2018
Assuntos:
Acesso em linha:http://is.stuba.sk/zp/portal_zp.pl?podrobnosti=127237
Tags: Adicionar Tag
Sem tags, seja o primeiro a adicionar uma tag!

MARC

LEADER 00000ntm a22000003a 4500
001 stuzp70113
003 SK-STU
005 20180623211442.8
007 ta
008 150427s2015----xo-----f-mn---000-0-slo-d
040 |a STU  |b slo 
041 0 |a slo 
100 1 |a Rapáčová, Juliána  |u 046000  |4 aut  |U FCHPT Fakulta chemickej a potravinárskej technológie  |T FCHPT Ústav chemického a environmentálneho inžinierstva  |X 82106  |U C6000  |Y 104  |7 82106 
242 0 1 |a Biotechnological production of clavulanic acid  |y eng 
245 1 0 |a Biotechnologická produkcia kyseliny klavulanovej 
260 |c 2018 
650 4 |a Kyselina klavulanová  |2 slo 
650 4 |a Streptomyces clavuligerus NRRL 3585  |2 slo 
650 4 |a Fermentácia  |2 slo 
650 4 |a Streptomyces clavuligerus NRRL 3585  |2 eng 
650 4 |a Clavulanic acid  |2 eng 
650 4 |a Fermentation  |2 eng 
700 1 |a Vaňková, Katarína  |u 046230  |k Z1  |4 ths  |U FCHPT Ústav chemického a environmentálneho inžinierstva  |T FCHPT Oddelenie chemického a biochemického inžinierstva  |X 10133  |U C6230  |Y 119  |7 A000010133 
856 4 |u http://is.stuba.sk/zp/portal_zp.pl?podrobnosti=127237